书目信息 |
| 题名: |
河南供销合作事业发展报告2009-2010
|
|
| 作者: | 焦锦淼 主编 | |
| 分册: | ||
| 出版信息: | 郑州 河南人民出版社 2010.10 |
|
| 页数: | 299页 | |
| 开本: | 26cm | |
| 丛书名: | ||
| 单 册: | ||
| 中图分类: | F721.2 | |
| 科图分类: | ||
| 主题词: | 商业经济--中国 | |
| 电子资源: | ||
| ISBN: | 7-215-07373-4 | |
| 000 | 00635nam0 2200193 450 | |
| 001 | 1436374880 | |
| 005 | 20141231100749.91 | |
| 010 | @a7-215-07373-4@dCNY68.00 | |
| 100 | @a20141231d2010 km y0chiy0120 ea | |
| 101 | 0 | @achi |
| 102 | @aCN@b410000 | |
| 200 | 1 | @a河南供销合作事业发展报告2009-2010@Ahe nan gong xiao he zuo shi ye fa zhan bao gao 2009-2010@f焦锦淼主编@Fjiao jin miao zhu bian |
| 210 | @a郑州@c河南人民出版社@d2010.10 | |
| 215 | @a299页@d26cm | |
| 606 | 0 | @a商业经济@x中国 |
| 690 | @aF721.2@v4 | |
| 701 | 0 | @a焦锦淼@Ajiao jin miao@4主编 |
| 801 | 0 | @aCN@b大连网信软件有限公司图书馆·11@c20141231 |
| 905 | @aZUCC@dF721.2@eJ6651 | |
| 河南供销合作事业发展报告2009-2010/焦锦淼主编.-郑州:河南人民出版社,2010.10 |
| 299页;26cm |
| ISBN 7-215-07373-4:CNY68.00 |
| ● |
| 相关链接 |
|
|
|
正题名:河南供销合作事业发展报告2009-2010
索取号:F721.2/J6651
 
预约/预借
| 序号 | 登录号 | 条形码 | 馆藏地/架位号 | 状态 | 备注 |
| 1 | 495347 | 204953470 | 社科库409/409社科库 47排1列4层/ [索取号:F721.2/J6651] | 在馆 |